Geography Quiz

Random Geography or Blitz Quiz

North American Countries in Alphabetical Order Quiz Stats

Quiz Updated May 13, 2018

Challenge
Share
Tweet
Embed
Score 0/23 Timer 02:00
19 Plays Today
% Correct
???
100%
???
84.5%
???
78%
???
71.3%
???
68%
???
61.4%
???
60.8%
???
57.9%
???
54.3%
???
49.7%
???
45.3%
???
42.6%
% Correct
???
39.9%
???
37.1%
???
36.4%
???
35%
???
34.4%
???
33.6%
???
30.8%
???
30.2%
???
30%
???
29.6%
???
29.4%

You're not logged in!

Compare scores with friends on all Sporcle quizzes.
Join for Free
OR
Log In

You Might Also Like...

Show Comments

Extras

Top Quizzes Today


Score Distribution

Your Account Isn't Verified!

In order to create a playlist on Sporcle, you need to verify the email address you used during registration. Go to your Sporcle Settings to finish the process.

Report this User

Report this user for behavior that violates our Community Guidelines.

Details: